Mekong delta master plan : Semi-instensive shrimp culture project
保存先:
| フォーマット: | 図書 |
|---|---|
| 言語: | Undetermined |
| 出版事項: |
NEDECO
1993
|
| 主題: | |
| タグ: |
タグ追加
タグなし, このレコードへの初めてのタグを付けませんか!
|
| Thư viện lưu trữ: | Trung tâm Học liệu Trường Đại học Cần Thơ |
|---|
| LEADER | 00514nam a2200169Ia 4500 | ||
|---|---|---|---|
| 001 | CTU_149614 | ||
| 008 | 210402s9999 xx 000 0 und d | ||
| 082 | |a 333.91 | ||
| 082 | |b M479/Vol.2 | ||
| 245 | 0 | |a Mekong delta master plan : | |
| 245 | 0 | |b Semi-instensive shrimp culture project | |
| 245 | 0 | |c NEDECO | |
| 260 | |b NEDECO | ||
| 260 | |c 1993 | ||
| 650 | |a Natural resources,Environmental resources,Tài nguyên thiên nhiên | ||
| 904 | |i Nguyên | ||
| 980 | |a Trung tâm Học liệu Trường Đại học Cần Thơ | ||